Catalog

Record Details

Catalog Search



The fossil feud : Marsh and Cope's bone wars  Cover Image Book Book

The fossil feud : Marsh and Cope's bone wars / by Meish Goldish.

Goldish, Meish. (Author).

Record details

  • ISBN: 1597162566
  • ISBN: 1597162841
  • Physical Description: 32 pages : color illustrations ; 26 cm.
  • Publisher: New York : Bearport Pub., c2007.

Content descriptions

Bibliography, etc. Note:
Includes bibliographical references and index.
Formatted Contents Note:
Tricks and stones -- Meet O. C. Marsh -- Meet E. D. Cope -- Exciting discoveries -- -- The bone wars begin -- The battle moves west -- Stealing fossils -- Spying and destroying -- Huge mistakes -- Telling the newspapers -- The bone wars end -- Good comes from bad -- A trip back in time: Meet marsh and Cope's dinosaurs.
Subject: Cope, E. D. (Edward Drinker), 1840-1897 > Juvenile literature.
Marsh, Othniel Charles, 1831-1899 > Juvenile literature.
Paleontologists > United States > Biography > Juvenile literature.
Paleontology > United States > History > 19th century > Juvenile literature.
Paleontologists.
Fossils.
Dinosaurs.

Available copies

  • 1 of 1 copy available at scottsboropl.

Holds

  • 0 current holds with 1 total copy.
Show Only Available Copies
Location Call Number / Copy Notes Barcode Shelving Location Status Due Date
scottsboropl E 560.92 Gol 32269000773351 Juvenile - Easy NonFiction Available -

LDR 01724cam a22003978a 4500
001129163
003CONS
00520140703073305.0
008060406s2007 nyu j b 001 0ceng
010 . ‡a 2006011319
020 . ‡a1597162566
020 . ‡a1597162841
0248 . ‡z9781597162562 (library binding)
0248 . ‡z9781597162845 (pbk.)
035 . ‡a(CPomAG)LMN498622
042 . ‡apcc
043 . ‡an-us---
05000. ‡aQE22.C56 ‡bG65 2007
08200. ‡a560.92/273 ‡222
1001 . ‡aGoldish, Meish.
24514. ‡aThe fossil feud : ‡bMarsh and Cope's bone wars / ‡cby Meish Goldish.
260 . ‡aNew York : ‡bBearport Pub., ‡cc2007.
300 . ‡a32 pages : ‡bcolor illustrations ; ‡c26 cm.
440 0. ‡aFossil hunters
504 . ‡aIncludes bibliographical references and index.
5050 . ‡aTricks and stones -- Meet O. C. Marsh -- Meet E. D. Cope -- Exciting discoveries -- -- The bone wars begin -- The battle moves west -- Stealing fossils -- Spying and destroying -- Huge mistakes -- Telling the newspapers -- The bone wars end -- Good comes from bad -- A trip back in time: Meet marsh and Cope's dinosaurs.
60010. ‡aCope, E. D. ‡q(Edward Drinker), ‡d1840-1897 ‡vJuvenile literature.
60010. ‡aMarsh, Othniel Charles, ‡d1831-1899 ‡vJuvenile literature.
650 0. ‡aPaleontologists ‡zUnited States ‡vBiography ‡vJuvenile literature.
650 0. ‡aPaleontology ‡zUnited States ‡xHistory ‡y19th century ‡vJuvenile literature.
650 1. ‡aPaleontologists.
650 1. ‡aFossils.
650 1. ‡aDinosaurs.
914 . ‡aScp_ds
959 . ‡i32269000773351 ‡lJ560.92 Gol ‡aJuvenile - NonFiction ‡tJuv Nonfiction ‡g18.00
852 . ‡p32269000773351 ‡jJ560.92 Gol ‡gJuvenile - NonFiction ‡cJuv Nonfiction ‡y18.00 ‡bSBPL
901 . ‡a129163 ‡bUnknown ‡c129163 ‡tbiblio

Additional Resources